[Event "Polfinal Mistrzostw Stowarzyszenia CROSS"]
[Site "Krynica Zdroj ul. Szkolna 7"]
[Date "2012.??.??"]
[Round "1.1"]
[White "Ruszczycki, Jacek"]
[Black "Gosek, Zenon"]
[Result "1/2-1/2"]
[WhiteElo "1901"]
[BlackElo "2089"]
[PlyCount "51"]
[EventDate "2012.??.??"]

1. e4 c5 2. f4 Nc6 3. Nf3 g6 4. c3 Bg7 5. Be2 d6 6. O-O Nf6 7. Qc2 O-O 8. a4 a6
9. Na3 d5 10. d3 Rb8 11. Be3 d4 12. cxd4 cxd4 13. Bd2 Ng4 14. Qc5 Bd7 15. a5
Ne3 16. Bxe3 dxe3 17. Nc4 Be6 18. e5 b5 19. Qxc6 bxc4 20. dxc4 Rxb2 21. Rfe1
Qc8 22. Nd4 Bd7 23. Qe4 Bg4 24. Bxg4 Qxg4 25. Rxe3 Rfb8 26. Rg3 1/2-1/2

[Event "Polfinal Mistrzostw Stowarzyszenia CROSS"]
[Site "Krynica Zdroj ul. Szkolna 7"]
[Date "2012.??.??"]
[Round "1.2"]
[White "Pawelec, Bartosz"]
[Black "Zarow, Zdzislaw"]
[Result "0-1"]
[WhiteElo "2036"]
[BlackElo "1898"]
[PlyCount "65"]
[EventDate "2012.??.??"]

1. e4 d6 2. d4 Nf6 3. Nc3 g6 4. Bg5 Bg7 5. e5 dxe5 6. dxe5 Qxd1+ 7. Rxd1 Ng8 8.
f4 c6 9. Nf3 Bg4 10. Be2 Nd7 11. h3 Bxf3 12. Bxf3 h6 13. Bh4 g5 14. e6 fxe6 15.
fxg5 hxg5 16. Bxg5 Ngf6 17. O-O O-O-O 18. Rfe1 e5 19. b4 Bh6 20. Be3 Bxe3+ 21.
Rxe3 Rdg8 22. Be2 Rg5 23. Kf2 Rhg8 24. g4 Nb6 25. Bf3 Rh8 26. Kg3 Nc4 27. Re2
Nd6 28. Ne4 Nf5+ 29. Kf2 Nxe4+ 30. Bxe4 Nd4 31. Re3 Kc7 32. Rc3 Rf8+ 33. Ke3
0-1

[Event "Polfinal Mistrzostw Stowarzyszenia CROSS"]
[Site "Krynica Zdroj ul. Szkolna 7"]
[Date "2012.??.??"]
[Round "1.3"]
[White "Zaleski, Jan"]
[Black "Przewoznik, Emil"]
[Result "0-1"]
[WhiteElo "1891"]
[BlackElo "2012"]
[PlyCount "71"]
[EventDate "2012.??.??"]

1. b3 Nf6 2. Bb2 e6 3. g3 d5 4. Bg2 Be7 5. e3 O-O 6. Nf3 Nc6 7. Ne5 Nxe5 8.
Bxe5 Nd7 9. Bb2 Bf6 10. Nc3 c6 11. O-O Re8 12. d4 e5 13. f3 b5 14. Qd2 b4 15.
Ne2 Ba6 16. Rfe1 Qb6 17. Rad1 Bxe2 18. Rxe2 exd4 19. Bxd4 c5 20. Bxf6 Nxf6 21.
Rde1 h6 22. Bf1 Rad8 23. Kg2 Qc6 24. c3 a5 25. Rc1 Qb6 26. cxb4 axb4 27. Qc2
Rc8 28. Qf5 c4 29. bxc4 dxc4 30. e4 Rc5 31. Qf4 c3 32. Rcc2 Rd8 33. Qe3 Qc7 34.
Rf2 Ra5 35. Bd3 Ra3 36. Be2 0-1

[Event "Polfinal Mistrzostw Stowarzyszenia CROSS"]
[Site "Krynica Zdroj ul. Szkolna 7"]
[Date "2012.??.??"]
[Round "1.4"]
[White "Lipski, Tadeusz"]
[Black "Cebula, Jozef"]
[Result "1-0"]
[WhiteElo "2010"]
[BlackElo "1891"]
[PlyCount "67"]
[EventDate "2012.??.??"]

1. d4 d5 2. Nc3 Nf6 3. Bg5 e6 4. e4 dxe4 5. Nxe4 Be7 6. Bxf6 Bxf6 7. Nf3 c6 8.
Qd2 h6 9. O-O-O O-O 10. h4 Be7 11. Kb1 Qd5 12. Bd3 b5 13. Qe3 Na6 14. c3 b4 15.
c4 Qa5 16. Ned2 Rb8 17. Bc2 c5 18. d5 Bf6 19. Ne5 exd5 20. Nc6 d4 21. Qd3 Qxa2+
22. Kxa2 b3+ 23. Nxb3 g6 24. Qf3 Kg7 25. Nxb8 Nb4+ 26. Kb1 Nxc2 27. Kxc2 Bf5+
28. Qxf5 gxf5 29. Nd7 Re8 30. Nxf6 Kxf6 31. Nxc5 Rc8 32. Nd7+ Ke6 33. Rxd4 Rc7
34. Re1# 1-0

[Event "Polfinal Mistrzostw Stowarzyszenia CROSS"]
[Site "Krynica Zdroj ul. Szkolna 7"]
[Date "2012.??.??"]
[Round "1.5"]
[White "Stankiewicz, Edward"]
[Black "Falkowski, Dawid"]
[Result "0-1"]
[WhiteElo "1887"]
[BlackElo "2005"]
[PlyCount "38"]
[EventDate "2012.??.??"]

1. d4 Nf6 2. c4 e5 3. d5 Bc5 4. e3 d6 5. Nc3 Bf5 6. Be2 h5 7. h3 e4 8. Bd2 Nbd7
9. Na4 Ne5 10. b4 Bb6 11. Bc3 Ned7 12. Nxb6 axb6 13. a4 Qe7 14. Qd2 Ne5 15. Bd4
Rh6 16. Qc3 Nfd7 17. a5 Qg5 18. g3 Qd8 19. axb6 cxb6 0-1

[Event "Polfinal Mistrzostw Stowarzyszenia CROSS"]
[Site "Krynica Zdroj ul. Szkolna 7"]
[Date "2012.??.??"]
[Round "1.6"]
[White "Stolarczyk, Anna"]
[Black "Czajkowski, Adam"]
[Result "1/2-1/2"]
[WhiteElo "1999"]
[BlackElo "1867"]
[PlyCount "64"]
[EventDate "2012.??.??"]

1. d4 Nf6 2. c4 g6 3. Nc3 Bg7 4. e4 d6 5. Bd3 O-O 6. Nge2 Nc6 7. O-O Nd7 8. Bc2
e5 9. d5 Ne7 10. Bd2 f5 11. exf5 Nxf5 12. Ne4 Nf6 13. N2c3 Qe7 14. b4 Nh5 15.
Bg5 Nf6 16. Qd2 Qf7 17. Nxf6+ Bxf6 18. Bxf6 Qxf6 19. Ne4 Qe7 20. c5 Nd4 21. Bd3
Rf4 22. cxd6 cxd6 23. f3 Bf5 24. Rac1 Bxe4 25. Bxe4 Rff8 26. Qd3 Kg7 27. a4
Rac8 28. Rc4 Rxc4 29. Qxc4 Rf7 30. Bd3 Qg5 31. Be4 Qe3+ 32. Kh1 Ne2 1/2-1/2

[Event "Polfinal Mistrzostw Stowarzyszenia CROSS"]
[Site "Krynica Zdroj ul. Szkolna 7"]
[Date "2012.??.??"]
[Round "1.7"]
[White "Debowska, Teresa"]
[Black "Kowalczyk, Marian"]
[Result "1/2-1/2"]
[WhiteElo "1866"]
[BlackElo "1991"]
[PlyCount "129"]
[EventDate "2012.??.??"]

1. e4 c5 2. d3 Nc6 3. g3 Nf6 4. Bg2 d5 5. Nd2 Bg4 6. f3 Bd7 7. exd5 Nxd5 8. Ne4
e6 9. Ne2 Be7 10. c3 f5 11. Nf2 O-O 12. Nf4 Nxf4 13. Bxf4 e5 14. Bd2 Be6 15.
Qc2 Qe8 16. O-O-O Qf7 17. b3 a5 18. Nh3 a4 19. Kb2 h6 20. g4 axb3 21. axb3 e4
22. dxe4 fxe4 23. Nf2 Na5 24. c4 Bf6+ 25. Bc3 b5 26. Nxe4 Bxc3+ 27. Qxc3 Qa7
28. Nd6 Nxc4+ 29. Nxc4 Qa2+ 30. Kc1 Qxg2 31. Ne3 Qa2 32. Nc2 Bxb3 33. Rd7 Qxc2+
34. Qxc2 Bxc2 35. Kxc2 Rfd8 36. Rc7 c4 37. Rb7 Rab8 38. Rxb8 Rxb8 39. Kc3 Kf7
40. Kb4 Ke7 41. Re1+ Kd6 42. f4 Rb7 43. f5 Re7 44. Rd1+ Kc6 45. Rd8 Re4 46.
Rc8+ Kb7 47. Rc5 Rxg4 48. Rxb5+ Kc6 49. Rc5+ Kd6 50. Rxc4 Rxc4+ 51. Kxc4 Ke5
52. Kd3 Kxf5 53. Ke3 Kg4 54. Kf2 Kh3 55. Kg1 g5 56. Kh1 h5 57. Kg1 Kg4 58. Kf2
Kf5 59. Kg3 h4+ 60. Kf2 h3 61. Kg3 g4 62. Kf2 Kf4 63. Kf1 g3 64. hxg3+ Kxg3 65.
Kg1 1/2-1/2

[Event "Polfinal Mistrzostw Stowarzyszenia CROSS"]
[Site "Krynica Zdroj ul. Szkolna 7"]
[Date "2012.??.??"]
[Round "1.8"]
[White "Jelen, Janusz"]
[Black "Barnowski, Sylwester"]
[Result "1-0"]
[WhiteElo "1989"]
[BlackElo "1843"]
[PlyCount "63"]
[EventDate "2012.??.??"]

1. d4 Nf6 2. c4 d5 3. Nc3 c6 4. f3 e6 5. e4 Be7 6. Be3 O-O 7. Bd3 dxc4 8. Bxc4
Qa5 9. Nge2 c5 10. O-O cxd4 11. Nxd4 e5 12. Nb3 Qc7 13. Qe2 Nbd7 14. Rac1 Qd8
15. Rfd1 Qe8 16. Nb5 Bd8 17. Nd6 Qe7 18. Nxc8 Rxc8 19. Bxf7+ Qxf7 20. Rxc8 Bb6
21. Rxf8+ Qxf8 22. Qc4+ Qf7 23. Qxf7+ Kxf7 24. Bxb6 Nxb6 25. Nc5 Nc4 26. Nxb7
Nxb2 27. Rd8 Ke7 28. Ra8 a6 29. Rxa6 Nc4 30. Rc6 Na3 31. Rc7+ Kf8 32. Nd6 1-0

[Event "Polfinal Mistrzostw Stowarzyszenia CROSS"]
[Site "Krynica Zdroj ul. Szkolna 7"]
[Date "2012.??.??"]
[Round "1.9"]
[White "Niecko, Stanislaw"]
[Black "Sajdych, Wlodzimierz"]
[Result "1/2-1/2"]
[WhiteElo "1834"]
[BlackElo "1980"]
[PlyCount "27"]
[EventDate "2012.??.??"]

1. c4 f5 2. Nf3 Nf6 3. Nc3 e6 4. g3 Be7 5. Bg2 c6 6. d4 d5 7. O-O O-O 8. Re1
Ne4 9. cxd5 exd5 10. Ne5 Nd7 11. Nxd7 Bxd7 12. Bf4 Bf6 13. f3 Ng5 14. h4
1/2-1/2

[Event "Polfinal Mistrzostw Stowarzyszenia CROSS"]
[Site "Krynica Zdroj ul. Szkolna 7"]
[Date "2012.??.??"]
[Round "1.10"]
[White "Wojcieszyn, Zdzislaw"]
[Black "Olejnik, Bernard"]
[Result "1-0"]
[WhiteElo "1967"]
[BlackElo "1831"]
[PlyCount "51"]
[EventDate "2012.??.??"]

1. d4 Nf6 2. c4 d5 3. cxd5 Nxd5 4. Nc3 c6 5. e4 Nxc3 6. bxc3 a6 7. Be3 e6 8.
Nf3 Nd7 9. Qb3 b5 10. Rd1 Qc7 11. Be2 Be7 12. O-O O-O 13. c4 Nf6 14. Nd2 Bb7
15. c5 Rad8 16. Qc3 h6 17. g3 Nh7 18. e5 f6 19. Ne4 fxe5 20. dxe5 Rxd1 21. Rxd1
Bc8 22. Nd6 Bd7 23. Bg4 a5 24. Qd3 Bxd6 25. Qxd6 Qxd6 26. Rxd6 1-0

[Event "Polfinal Mistrzostw Stowarzyszenia CROSS"]
[Site "Krynica Zdroj ul. Szkolna 7"]
[Date "2012.??.??"]
[Round "1.11"]
[White "Salamon, Jan"]
[Black "Kulpinski, Piotr"]
[Result "0-1"]
[WhiteElo "1811"]
[BlackElo "1965"]
[PlyCount "50"]
[EventDate "2012.??.??"]

1. Nf3 d5 2. d4 Nf6 3. c4 c6 4. Qc2 dxc4 5. Qxc4 b5 6. Qc2 a6 7. g3 Bb7 8. Bg2
Nbd7 9. O-O e6 10. Bg5 Bd6 11. Nbd2 O-O 12. e3 c5 13. e4 Rc8 14. e5 cxd4 15.
Qxc8 Qxc8 16. Rac1 Qa8 17. exd6 h6 18. Bxf6 Nxf6 19. Rc7 Rd8 20. Rfc1 Ne8 21.
Rxb7 Qxb7 22. Ne5 Qb6 23. Rc6 Qa5 24. d7 Nf6 25. Rc8 Nxd7 0-1

[Event "Polfinal Mistrzostw Stowarzyszenia CROSS"]
[Site "Krynica Zdroj ul. Szkolna 7"]
[Date "2012.??.??"]
[Round "1.13"]
[White "Rutkowski, Bogdan"]
[Black "Staruch, Roman"]
[Result "0-1"]
[WhiteElo "1794"]
[BlackElo "1937"]
[PlyCount "90"]
[EventDate "2012.??.??"]

1. e4 d5 2. exd5 Nf6 3. Bb5+ Bd7 4. Bc4 Bg4 5. f3 Bc8 6. Bb5+ Bd7 7. Bc4 Bc8 8.
Bb5+ Nbd7 9. Nc3 a6 10. Bc4 Nb6 11. Qe2 Nfxd5 12. Nxd5 Nxd5 13. Qe5 Nf6 14. d3
e6 15. Bf4 Bd6 16. Qg5 O-O 17. Bxd6 Qxd6 18. Qd2 Qe5+ 19. Ne2 Qxb2 20. Qc3 Qb6
21. Qd4 Qxd4 22. Nxd4 c5 23. Ne2 Nd5 24. Bxd5 exd5 25. Kd2 Bd7 26. Rhe1 Rfe8
27. Nf4 Bc6 28. Rxe8+ Rxe8 29. Re1 Rxe1 30. Kxe1 Kf8 31. Ke2 Ke7 32. c3 d4 33.
cxd4 cxd4 34. Kd2 Kd6 35. Nh5 g6 36. Nf6 h6 37. h4 h5 38. Ne4+ Bxe4 39. dxe4
Ke5 40. Kd3 f5 41. exf5 gxf5 42. g4 fxg4 43. fxg4 hxg4 44. h5 Kf5 45. h6 Kg6
0-1

[Event "Polfinal Mistrzostw Stowarzyszenia CROSS"]
[Site "Krynica Zdroj ul. Szkolna 7"]
[Date "2012.??.??"]
[Round "1.14"]
[White "Traczyk, Tadeusz"]
[Black "Hagner, Pawel"]
[Result "1-0"]
[WhiteElo "1905"]
[BlackElo "1777"]
[PlyCount "105"]
[EventDate "2012.??.??"]

1. e4 g6 2. d4 Bg7 3. Nc3 c6 4. Nf3 d6 5. h3 Nf6 6. Be2 O-O 7. O-O Nbd7 8. Be3
Qc7 9. Qd2 e5 10. Rad1 Re8 11. dxe5 dxe5 12. Ng5 h6 13. Nf3 Kh7 14. Bc4 Nb6 15.
Bb3 Be6 16. Bxe6 Rxe6 17. Qe2 Rd8 18. Nd2 Nh5 19. g3 Red6 20. Kg2 Qe7 21. h4
Qe6 22. a3 Nf6 23. f3 Nh5 24. Bxb6 axb6 25. Nc4 Rxd1 26. Rxd1 Rxd1 27. Nxd1 b5
28. Nce3 Bf6 29. Nf2 Bxh4 30. Neg4 Bxg3 31. Nd3 Nf4+ 32. Nxf4 Bxf4 33. Nf2 Qf6
34. Nd3 Qg5+ 35. Kf1 Be3 36. Qh2 f6 37. b3 Bc1 38. Qh3 f5 39. exf5 Qxf5 40.
Qxf5 gxf5 41. Nxc1 Kg6 42. Nd3 e4 43. fxe4 fxe4 44. Nc5 Kf5 45. Nxb7 Kf4 46. a4
h5 47. a5 h4 48. a6 h3 49. a7 h2 50. Kg2 h1=Q+ 51. Kxh1 e3 52. a8=Q e2 53. Qe8
1-0

[Event "Polfinal Mistrzostw Stowarzyszenia CROSS"]
[Site "Krynica Zdroj ul. Szkolna 7"]
[Date "2012.??.??"]
[Round "1.15"]
[White "Bzowski, Grzegorz"]
[Black "Mettel, Werner"]
[Result "1-0"]
[WhiteElo "1658"]
[BlackElo "1905"]
[PlyCount "97"]
[EventDate "2012.??.??"]

1. d4 d5 2. c4 e6 3. Nc3 Nf6 4. Qc2 c6 5. Bg5 Be7 6. e3 O-O 7. Bd3 dxc4 8. Bxc4
Nbd7 9. Nge2 h6 10. Bh4 Nd5 11. Bxe7 Qxe7 12. O-O N7f6 13. Rfe1 Nb6 14. Bb3 e5
15. Rad1 Bg4 16. f3 Bh5 17. Ng3 Bg6 18. Qxg6 Kh8 19. Nf5 fxg6 20. Nxe7 Kh7 21.
Bc2 e4 22. fxe4 Rfe8 23. Nxg6 Kxg6 24. e5+ Kf7 25. exf6 gxf6 26. Rd2 Kg7 27.
Rf2 Rf8 28. Ne4 Nd5 29. Nd6 h5 30. Nxb7 Rab8 31. e4 Nb4 32. Na5 Nxa2 33. Nxc6
Rxb2 34. Nxa7 Nb4 35. Bb1 Rxf2 36. Kxf2 Rb8 37. d5 Rb7 38. Nc6 Na6 39. e5 fxe5
40. Nxe5 Nc5 41. Ke3 Re7 42. Kd4 Nb3+ 43. Kc3 Nc5 44. Kb4 Nd7 45. Nf3 Rf7 46.
Ba2 Rf4+ 47. Kb5 Rf6 48. Re7+ Rf7 49. Rxf7+ 1-0

[Event "Polfinal Mistrzostw Stowarzyszenia CROSS"]
[Site "Krynica Zdroj ul. Szkolna 7"]
[Date "2012.??.??"]
[Round "2.1"]
[White "Przewoznik, Emil"]
[Black "Wolanski, Michal"]
[Result "1/2-1/2"]
[WhiteElo "2012"]
[BlackElo "1961"]
[PlyCount "37"]
[EventDate "2012.??.??"]

1. Nf3 Nf6 2. d4 c5 3. dxc5 e6 4. Nc3 Bxc5 5. e3 O-O 6. Bd3 Nc6 7. O-O d5 8. a3
b6 9. b4 Be7 10. Bb2 Bb7 11. Ne2 Rc8 12. Ng3 Qc7 13. Rc1 Rfd8 14. Qe2 Qb8 15.
Rfd1 Nd7 16. e4 Nce5 17. Nxe5 Nxe5 18. exd5 Nxd3 19. Rxd3 1/2-1/2

[Event "Polfinal Mistrzostw Stowarzyszenia CROSS"]
[Site "Krynica Zdroj ul. Szkolna 7"]
[Date "2012.??.??"]
[Round "2.2"]
[White "Staruch, Roman"]
[Black "Lipski, Tadeusz"]
[Result "0-1"]
[WhiteElo "1937"]
[BlackElo "2010"]
[PlyCount "50"]
[EventDate "2012.??.??"]

1. e4 e5 2. f4 exf4 3. Nf3 Be7 4. Bc4 Bh4+ 5. Kf1 Nh6 6. d4 d5 7. Bxd5 c6 8.
Bb3 Bg4 9. Bxf4 Nd7 10. Qd2 Bxf3 11. gxf3 Qe7 12. Bxh6 gxh6 13. Qxh6 Bg5 14.
Qh5 Bc1 15. a4 Bxb2 16. Ra2 Bxd4 17. c3 Be5 18. Rc2 O-O-O 19. Qxf7 Qh4 20. Be6
Rhf8 21. Bxd7+ Kc7 22. Qxf8 Rxf8 23. Bf5 Rxf5 24. exf5 Qxa4 25. Re2 Qd1+ 0-1

[Event "Polfinal Mistrzostw Stowarzyszenia CROSS"]
[Site "Krynica Zdroj ul. Szkolna 7"]
[Date "2012.??.??"]
[Round "2.3"]
[White "Falkowski, Dawid"]
[Black "Traczyk, Tadeusz"]
[Result "1-0"]
[WhiteElo "2005"]
[BlackElo "1905"]
[PlyCount "67"]
[EventDate "2012.??.??"]

1. e4 e6 2. Nc3 d5 3. Nf3 d4 4. Ne2 c5 5. c3 Nc6 6. cxd4 cxd4 7. Qa4 Bc5 8. b4
Bb6 9. b5 Nce7 10. Nexd4 e5 11. Nc2 Qc7 12. Bb2 Ng6 13. Rc1 Qd6 14. Bc4 N8e7
15. O-O O-O 16. d4 exd4 17. Ncxd4 Bxd4 18. Bxd4 Be6 19. e5 Qd7 20. Bc5 Bxc4 21.
Rxc4 Rfc8 22. Rd4 Qe8 23. Qb4 b6 24. Bd6 Nf5 25. Rd2 Nf8 26. Nd4 Nxd4 27. Rxd4
Ne6 28. Rg4 Nc7 29. Qf4 Nxb5 30. Qh6 g6 31. Rh4 Nxd6 32. Qxh7+ Kf8 33. Qh8+ Ke7
34. Qf6+ 1-0

[Event "Polfinal Mistrzostw Stowarzyszenia CROSS"]
[Site "Krynica Zdroj ul. Szkolna 7"]
[Date "2012.??.??"]
[Round "2.4"]
[White "Sargalski, Andrzej"]
[Black "Jelen, Janusz"]
[Result "1/2-1/2"]
[WhiteElo "1904"]
[BlackElo "1989"]
[PlyCount "69"]
[EventDate "2012.??.??"]

1. e4 e5 2. Nf3 Nc6 3. d4 exd4 4. Nxd4 Nxd4 5. Qxd4 d6 6. Nc3 Nf6 7. Bg5 Be7 8.
O-O-O O-O 9. e5 Ne8 10. Bxe7 Qxe7 11. exd6 Nxd6 12. Nd5 Qd8 13. Nxc7 Qxc7 14.
Qxd6 Qa5 15. a3 Bg4 16. f3 Rad8 17. Qf4 Rxd1+ 18. Kxd1 Rd8+ 19. Bd3 Bf5 20. Qe3
Qd5 21. Re1 g6 22. Ke2 Bxd3+ 23. cxd3 Qb5 24. Qd2 Qe5+ 25. Kf2 Qxh2 26. Re4 Qd6
27. Qe2 f5 28. Rc4 b5 29. Rc3 a5 30. Qc2 Re8 31. Kf1 Qh2 32. Qc1 Qh1+ 33. Kf2
Qh4+ 34. Kf1 Qd4 35. Qc2 1/2-1/2

[Event "Polfinal Mistrzostw Stowarzyszenia CROSS"]
[Site "Krynica Zdroj ul. Szkolna 7"]
[Date "2012.??.??"]
[Round "2.5"]
[White "Zarow, Zdzislaw"]
[Black "Wojcieszyn, Zdzislaw"]
[Result "1-0"]
[WhiteElo "1898"]
[BlackElo "1967"]
[PlyCount "59"]
[EventDate "2012.??.??"]

1. e4 c5 2. Bc4 Nc6 3. Nf3 e6 4. Nc3 Nf6 5. Qe2 d6 6. d3 a6 7. a4 Be7 8. Bg5
Qc7 9. O-O O-O 10. Rfe1 Nd4 11. Nxd4 cxd4 12. Nd1 Bd7 13. Bxf6 Bxf6 14. f4 b5
15. Bb3 Qa5 16. Nf2 bxa4 17. e5 dxe5 18. fxe5 Bg5 19. Kh1 Qb4 20. Bc4 Qxb2 21.
Reb1 Qxa1 22. Rxa1 Rfb8 23. Qg4 Be3 24. Ne4 Kh8 25. Nd6 Kg8 26. Rf1 Be8 27.
Bxe6 Ra7 28. Bd5 Re7 29. Nf5 Rxe5 30. Qxg7# 1-0

[Event "Polfinal Mistrzostw Stowarzyszenia CROSS"]
[Site "Krynica Zdroj ul. Szkolna 7"]
[Date "2012.??.??"]
[Round "2.6"]
[White "Kulpinski, Piotr"]
[Black "Bzowski, Grzegorz"]
[Result "1-0"]
[WhiteElo "1965"]
[BlackElo "1658"]
[PlyCount "43"]
[EventDate "2012.??.??"]

1. d4 d5 2. c4 Nf6 3. cxd5 Qxd5 4. Nc3 Qa5 5. Bd2 c6 6. e4 Qc7 7. Rc1 e6 8. Nf3
Bb4 9. Bd3 Bxc3 10. Bxc3 Nbd7 11. O-O Nf8 12. Bb4 Ng6 13. e5 Nd5 14. Bd6 Qb6
15. Bc5 Qd8 16. g3 b6 17. Ba3 Bb7 18. Nd2 Nde7 19. Nc4 O-O 20. h4 Qxd4 21. Bxe7
Rfb8 22. Bxg6 1-0

[Event "Polfinal Mistrzostw Stowarzyszenia CROSS"]
[Site "Krynica Zdroj ul. Szkolna 7"]
[Date "2012.??.??"]
[Round "2.7"]
[White "Gosek, Zenon"]
[Black "Debowska, Teresa"]
[Result "1-0"]
[WhiteElo "2089"]
[BlackElo "1866"]
[PlyCount "148"]
[EventDate "2012.??.??"]

1. Nf3 g6 2. g3 Bg7 3. Bg2 c5 4. c4 Nc6 5. Nc3 e6 6. O-O Nge7 7. d3 d6 8. Bg5
h6 9. Bd2 O-O 10. Qc1 Kh7 11. a3 Nf5 12. e3 Rb8 13. Rb1 a5 14. Nb5 e5 15. e4
Nfd4 16. Nbxd4 exd4 17. Nh4 Ne5 18. f4 Ng4 19. Kh1 b5 20. b3 b4 21. f5 Ne3 22.
Bxe3 dxe3 23. axb4 g5 24. Nf3 axb4 25. Qxe3 Bb7 26. d4 Re8 27. d5 Ra8 28. Qd3
Bf6 29. Rbe1 Ra2 30. h3 Kg7 31. Nh2 h5 32. Bf3 Kh6 33. Re2 Qa5 34. Rxa2 Qxa2
35. Qb1 Qd2 36. Qd1 Qc3 37. Kg2 Be5 38. Rf2 f6 39. Qc2 Bd4 40. Qxc3 bxc3 41.
Ra2 Rh8 42. Bd1 Rb8 43. Nf3 Bc8 44. Bc2 Be3 45. Kf1 g4 46. Ke2 Bc1 47. hxg4
hxg4 48. Nh2 Kg5 49. Kd3 Bd2 50. Nf1 Bd7 51. Nxd2 cxd2 52. Kxd2 Rh8 53. Ke3 Rh3
54. Kf2 Rh2+ 55. Kg1 Rd2 56. Kf1 Be8 57. Ke1 Rg2 58. Ra8 Bf7 59. Rf8 Bxd5 60.
cxd5 Rxc2 61. Rg8+ Kh5 62. Rg6 Rc3 63. Rxf6 Re3+ 64. Kf2 Rxb3 65. Rxd6 Rb2+ 66.
Ke3 Rb3+ 67. Kf4 Rf3+ 68. Ke5 Rxg3 69. f6 Rf3 70. Rc6 g3 71. Rxc5 g2 72. Rc8
Kg4 73. Rg8+ Kh3 74. Rxg2 Kxg2 1-0

[Event "Polfinal Mistrzostw Stowarzyszenia CROSS"]
[Site "Krynica Zdroj ul. Szkolna 7"]
[Date "2012.??.??"]
[Round "2.8"]
[White "Sajdych, Wlodzimierz"]
[Black "Stolarczyk, Anna"]
[Result "0-1"]
[WhiteElo "1980"]
[BlackElo "1999"]
[PlyCount "90"]
[EventDate "2012.??.??"]

1. d4 d5 2. Nf3 c6 3. c3 Nf6 4. h3 h6 5. Bf4 Bf5 6. e3 Qb6 7. Qb3 Nbd7 8. Nbd2
e6 9. Be2 Be7 10. Qxb6 axb6 11. Ne5 b5 12. Bd3 Nxe5 13. Bxf5 Nc4 14. Nxc4 dxc4
15. Bc2 b4 16. O-O bxc3 17. bxc3 Ra3 18. Rfc1 Nd5 19. Be5 f6 20. Bg6+ Kd7 21.
Bg3 Nxc3 22. Rc2 b5 23. e4 Rha8 24. d5 cxd5 25. exd5 Nxd5 26. Rb1 Bc5 27. Rxb5
Rxg3 28. Rxc5 Rxg6 29. R5xc4 Ra3 30. g3 Rg5 31. Rb2 Rc3 32. Rb7+ Kd6 33. Ra4 g6
34. Ra6+ Rc6 35. Raa7 h5 36. a4 h4 37. Rd7+ Kc5 38. g4 Re5 39. a5 Re1+ 40. Kg2
Nf4+ 41. Kf3 Nxh3 42. Rd2 Ng5+ 43. Kg2 h3+ 44. Kg3 Ne4+ 45. Kxh3 Nxd2 0-1

[Event "Polfinal Mistrzostw Stowarzyszenia CROSS"]
[Site "Krynica Zdroj ul. Szkolna 7"]
[Date "2012.??.??"]
[Round "2.9"]
[White "Kowalczyk, Marian"]
[Black "Niecko, Stanislaw"]
[Result "1-0"]
[WhiteElo "1991"]
[BlackElo "1834"]
[PlyCount "49"]
[EventDate "2012.??.??"]

1. e4 c5 2. Nf3 Nc6 3. d4 cxd4 4. Nxd4 g6 5. Nc3 Bg7 6. Be3 Nf6 7. f3 Qb6 8.
Nf5 Qxb2 9. Nxg7+ Kf8 10. Nd5 Kxg7 11. Be2 d6 12. O-O Qa3 13. Qd2 Rd8 14. Rfb1
Be6 15. Nxf6 exf6 16. Rxb7 Rd7 17. Rxd7 Bxd7 18. Bc4 Be6 19. Bb3 a5 20. Rd1 Rd8
21. Bb6 Rd7 22. Qc3 Nb4 23. Bd4 Nxa2 24. Bxf6+ Kg8 25. Qc8+ 1-0

[Event "Polfinal Mistrzostw Stowarzyszenia CROSS"]
[Site "Krynica Zdroj ul. Szkolna 7"]
[Date "2012.??.??"]
[Round "2.10"]
[White "Czajkowski, Adam"]
[Black "Ruszczycki, Jacek"]
[Result "0-1"]
[WhiteElo "1867"]
[BlackElo "1901"]
[PlyCount "98"]
[EventDate "2012.??.??"]

1. e4 c6 2. d4 d5 3. Nc3 dxe4 4. Nxe4 Nd7 5. Nf3 Ngf6 6. Nxf6+ Nxf6 7. Ne5 e6
8. Be3 Qb6 9. Nc4 Qc7 10. Be2 Be7 11. Qd2 Nd5 12. O-O O-O 13. Ne5 f6 14. Nf3
Bd6 15. c4 Nf4 16. Bd1 Ng6 17. Bc2 Qf7 18. Rad1 Rd8 19. Qc3 b6 20. c5 Bc7 21.
cxb6 axb6 22. Bb3 Re8 23. Rd2 Kh8 24. Rc1 Re7 25. Qxc6 Bb7 26. Bxe6 Bxh2+ 27.
Nxh2 Rxe6 28. Qc4 Rc8 29. Qxc8+ Bxc8 30. Rxc8+ Re8 31. Rxe8+ Qxe8 32. Nf3 Qc8
33. d5 b5 34. d6 Nf8 35. Nd4 Qc5 36. Nb3 Qf5 37. Nc5 Nd7 38. Nxd7 Qxd7 39. b4
Kg8 40. Bc5 Kf7 41. Re2 Qg4 42. f3 Qc4 43. Re7+ Kg6 44. Kf2 Qxa2+ 45. Kg3 h5
46. d7 h4+ 47. Kh3 Qd2 48. Kxh4 Qxg2 49. d8=Q Qh2+ 0-1

[Event "Polfinal Mistrzostw Stowarzyszenia CROSS"]
[Site "Krynica Zdroj ul. Szkolna 7"]
[Date "2012.??.??"]
[Round "2.11"]
[White "Olejnik, Bernard"]
[Black "Pawelec, Bartosz"]
[Result "1/2-1/2"]
[WhiteElo "1831"]
[BlackElo "2036"]
[PlyCount "64"]
[EventDate "2012.??.??"]

1. d4 Nf6 2. c4 e6 3. Nc3 Bb4 4. e3 Bxc3+ 5. bxc3 c5 6. Qc2 Nc6 7. a3 O-O 8.
Nf3 d6 9. Be2 e5 10. h3 Ne8 11. O-O f5 12. Rd1 e4 13. Nd2 Qh4 14. Rf1 Rf6 15.
Kh2 Rh6 16. f4 Nf6 17. Nb3 Rg6 18. Bd1 b6 19. Qf2 Qh6 20. Nd2 Ba6 21. Rh1 Na5
22. Be2 d5 23. cxd5 Bxe2 24. Qxe2 Nxd5 25. Bb2 Qh4 26. Qe1 Qe7 27. c4 Nc7 28.
d5 b5 29. Be5 bxc4 30. d6 Rxd6 31. Bxd6 Qxd6 32. Nxe4 fxe4 1/2-1/2

[Event "Polfinal Mistrzostw Stowarzyszenia CROSS"]
[Site "Krynica Zdroj ul. Szkolna 7"]
[Date "2012.??.??"]
[Round "2.12"]
[White "Mettel, Werner"]
[Black "Salamon, Jan"]
[Result "1/2-1/2"]
[WhiteElo "1905"]
[BlackElo "1811"]
[PlyCount "47"]
[EventDate "2012.??.??"]

1. e4 c5 2. Nc3 a6 3. a4 e6 4. f4 b6 5. Nf3 Bb7 6. Bc4 d5 7. exd5 exd5 8. Be2
Nf6 9. d3 Be7 10. O-O O-O 11. Kh1 d4 12. Nb1 Re8 13. Nbd2 b5 14. Ng5 Nbd7 15.
Bf3 Qc7 16. Nde4 h6 17. Nxf6+ Nxf6 18. Bxb7 Qxb7 19. Nf3 Bd6 20. Nh4 Bf8 21.
Bd2 b4 22. b3 a5 23. h3 Qd5 24. Re1 1/2-1/2

[Event "Polfinal Mistrzostw Stowarzyszenia CROSS"]
[Site "Krynica Zdroj ul. Szkolna 7"]
[Date "2012.??.??"]
[Round "2.13"]
[White "Rutkowski, Eugeniusz"]
[Black "Zaleski, Jan"]
[Result "1/2-1/2"]
[WhiteElo "1804"]
[BlackElo "1891"]
[PlyCount "26"]
[EventDate "2012.??.??"]

1. d4 f5 2. g3 Nf6 3. Bg2 g6 4. Nd2 Bg7 5. c3 d5 6. Qa4+ c6 7. Qc2 Nbd7 8. Nh3
e5 9. Ng5 Qe7 10. dxe5 Nxe5 11. Ndf3 Ne4 12. O-O O-O 13. Be3 Re8 1/2-1/2

[Event "Polfinal Mistrzostw Stowarzyszenia CROSS"]
[Site "Krynica Zdroj ul. Szkolna 7"]
[Date "2012.??.??"]
[Round "2.14"]
[White "Cebula, Jozef"]
[Black "Rutkowski, Bogdan"]
[Result "1-0"]
[WhiteElo "1891"]
[BlackElo "1794"]
[PlyCount "37"]
[EventDate "2012.??.??"]

1. e4 c5 2. Nf3 d6 3. Nc3 e6 4. d4 cxd4 5. Nxd4 Nf6 6. Bg5 Be7 7. Ndb5 O-O 8.
Bxf6 Bxf6 9. Qxd6 Bxc3+ 10. bxc3 Qa5 11. Qb4 Qb6 12. Nd6 Qc7 13. e5 Nc6 14. Qc5
b6 15. Qe3 Ne7 16. Qf3 Bd7 17. Be2 Bc6 18. Qg3 Ng6 19. h4 1-0

[Event "Polfinal Mistrzostw Stowarzyszenia CROSS"]
[Site "Krynica Zdroj ul. Szkolna 7"]
[Date "2012.??.??"]
[Round "2.15"]
[White "Hagner, Pawel"]
[Black "Stankiewicz, Edward"]
[Result "1/2-1/2"]
[WhiteElo "1777"]
[BlackElo "1887"]
[PlyCount "45"]
[EventDate "2012.??.??"]

1. e4 d6 2. d4 Nf6 3. Nc3 g6 4. f4 Bg7 5. Nf3 O-O 6. Be2 c5 7. O-O cxd4 8. Nxd4
Nc6 9. Nxc6 bxc6 10. Be3 Qa5 11. Qd2 Qc7 12. Rad1 Rb8 13. b3 Bg4 14. h3 Bxe2
15. Qxe2 Nh5 16. Qd3 Nf6 17. f5 Rbd8 18. fxg6 hxg6 19. Qc4 Rc8 20. Qa6 Nd7 21.
Na4 c5 22. Qc4 Qc6 23. Qd5 1/2-1/2